=LDR 00000nam 2200000 4500 =001 INLIS000000000038368 =005 20130612144035 =008 ***********************************Ind** =035 ##$$0010-061300000038368 =041 ##$$a Ind =082 ##$$a 641.865 4 =090 ##$$a 641.865 4, Jaj j =245 ##$$a Jajanan lezat dalam gerai =260 ##$$a 2011 $b Jakarta =300 ##$$a 50 hlm, Ilus, 20 cm =650 ##$$a Kue - Resep =850 ##$$a NBPNMAT =990 ##$$a 0001/BPAP-NTB/20142014 =990 ##$$a 21602086/BPAP-NTB/2017